Regions of Mauritania with a Map - Statistics

General Stats
  • This quiz has been taken 2,014 times
  • The average score is 8 of 15
Answers on the Map
Answers color-coded by a green-red scale on the quiz's map according to % correct below.
 
Answer Stats
Region % Correct
Nouakchott Ouest
83%
Nouakchott Nord
81%
Nouakchott Sud
81%
Adrar
73%
Tiris Zemmour
57%
Trarza
49%
Inchiri
46%
Tagant
45%
Assaba
44%
Dakhlet Nouadhibou
44%
Hodh Ech Chargui
44%
Hodh El Gharbi
44%
Brakna
43%
Gorgol
41%
Guidimaka
36%
No matching quizzes found
Score Distribution
Percent of People with Each Score
Percentile by Number Answered
Your Score History
You have not taken this quiz